ARRUPE JESUIT UNIVERSITY

CORONAVIRUS -STOP THE SPREAD - CLEAN,DISINFECT,COVER

The struggle for Mozambique. (Record no. 3447)

MARC details
000 -LEADER
fixed length control field 00748cam a2200253 4500
001 - CONTROL NUMBER
control field 3128651
005 - DATE AND TIME OF LATEST TRANSACTION
control field 20170503103454.0
008 - FIXED-LENGTH DATA ELEMENTS--GENERAL INFORMATION
fixed length control field 691016s1969 enkf 000 0 eng
010 ## - LIBRARY OF CONGRESS CONTROL NUMBER
LC control number 70419226
015 ## - NATIONAL BIBLIOGRAPHY NUMBER
National bibliography number B69-13271
020 ## - INTERNATIONAL STANDARD BOOK NUMBER
International Standard Book Number 0140410287
040 ## - CATALOGING SOURCE
Original cataloging agency DLC
Transcribing agency DLC
Modifying agency DLC
050 00 - LIBRARY OF CONGRESS CALL NUMBER
Classification number DT459
Item number .M66
082 00 - DEWEY DECIMAL CLASSIFICATION NUMBER
Classification number 967/.9
100 1# - MAIN ENTRY--PERSONAL NAME
Personal name Mondlane, Eduardo,
Dates associated with a name 1920-1969.
9 (RLIN) 30348
245 14 - TITLE STATEMENT
Title The struggle for Mozambique.
260 ## - PUBLICATION, DISTRIBUTION, ETC. (IMPRINT)
Place of publication, distribution, etc Harmondsworth,
Name of publisher, distributor, etc Penguin,
Date of publication, distribution, etc 1969.
300 ## - PHYSICAL DESCRIPTION
Extent 222 p.
Other physical details 8 plates.
Dimensions 19 cm.
350 ## - PRICE (NR) (BK AM CF MU VM SE) [OBSOLETE]
Price 8/-
490 0# - SERIES STATEMENT
Series statement Penguin African library AP28
651 #0 - SUBJECT ADDED ENTRY--GEOGRAPHIC NAME
Geographic name Mozambique
General subdivision Politics and government.
9 (RLIN) 30349
906 ## - LOCAL DATA ELEMENT F, LDF (RLIN)
a 7
b cbc
c orignew
d u
e ncip
f 19
g y-gencatlg
942 ## - ADDED ENTRY ELEMENTS (KOHA)
Source of classification or shelving scheme Library of Congress Classification
Item type Monograph ( Printed materials)
Holdings
Withdrawn status Lost status Source of classification or shelving scheme Damaged status Not for loan Collection code Home library Current library Shelving location Date acquired Total Checkouts Full call number Barcode Date last seen Date last borrowed Copy number Price effective from Koha item type
    Library of Congress Classification     Main Collection ARRUPE LIBRARY ARRUPE LIBRARY   27/02/2013 10 DT459.M66 46404344 15/11/2016 11/11/2016 1 27/02/2013 Monograph ( Printed materials)

 

Arrupe Library. PO Box MP320 Mt Pleasant, Harare, Zimbabwe
263 242 745411|librarian@aju.ac.zw